Problèmes de mathématiques

Uloženo v:
Podrobná bibliografie
Hlavní autor: Dumas de Rauly, Daniel (Autor)
Médium: Kniha
Jazyk:francouzština
Vydáno: París Gauthier-Villars 1963
Témata:
Tagy: Přidat tag
Žádné tagy, Buďte první, kdo vytvoří štítek k tomuto záznamu!

MARC

LEADER 00000nam a2200000 a 4500
001 UCP1422
003 CL-VaPUC
008 990409e19630000FR |||||||||||||||||fre|d
082 0 4 |a 510  |b DUM  |2 21 
100 |a Dumas de Rauly, Daniel  |e author  |9 426793 
245 1 0 |a Problèmes de mathématiques 
300 |a 221 p 
942 |c BK 
945 |d 19990409 00:00:00  |a crobeson 
260 |a París  |b Gauthier-Villars  |c 1963 
650 0 |a Matemática  |9 260235 
650 7 |a PROBLEMAS  |2 CL-VaPUC  |9 269806 
650 0 |a Ejercicios   |9 269807 
650 7 |a COMBINATORIA  |2 CL-VaPUC  |9 392344 
650 0 |a Teoría de probabilidades   |9 336944 
650 0 |a Álgebra  |9 259567 
650 0 |a Álgebra lineal   |9 260445 
650 0 |a Integrales   |9 260233 
650 0 |a Matemáticas  |x Enseñanza  |9 875527 
583 |a last modification  |c 19990409 00:00:00  |k Rodrigo Vera 
999 |c 280100  |d 280098 
952 |0 0  |1 0  |4 0  |6 510_000000000000000_DUM_1963  |7 0  |8 A  |9 320106  |a BIBMAT  |b BIBMAT  |d 2019-11-20  |i 1340778  |o 510 DUM 1963  |p 1340778  |r 2025-01-07  |w 2019-11-20  |y BK  |k MAT